Statistics for Countries Barack Obama has visited

Click here to take the quiz!

General Stats

  • This quiz has been taken 128 times
  • The average score is 48 of 58

Answer Stats

ContinentCountry% Correct
OceaniaAustralia
98%
AsiaChina
97%
North AmericaCanada
95%
North AmericaMexico
95%
AsiaSouth Korea
95%
EuropeUnited Kingdom
95%
South AmericaBrazil
93%
EuropeGermany
93%
AsiaJapan
93%
South AmericaArgentina
92%
South AmericaColombia
92%
South AmericaChile
91%
EuropeDenmark
91%
North AmericaCuba
90%
AsiaIndia
90%
EuropeIreland
90%
EuropePortugal
90%
Asia/ EuropeRussia
90%
EuropeSpain
90%
EuropeSweden
90%
Asia/ EuropeTurkey
90%
EuropeFrance
89%
EuropeGreece
89%
EuropeItaly
89%
EuropeNorway
88%
EuropePoland
88%
AsiaIndonesia
87%
EuropeBelgium
86%
South AmericaPeru
86%
AfricaEgypt
85%
AsiaIsrael
85%
AsiaIraq
84%
AfricaSouth Africa
84%
AsiaSaudi Arabia
83%
Europethe Netherlands
83%
AsiaVietnam
83%
AsiaSingapore
82%
AsiaThailand
82%
AsiaAfghanistan
79%
AfricaKenya
78%
North AmericaPanama
78%
EuropeEstonia
75%
EuropeVatican City
74%
North AmericaCosta Rica
73%
AsiaJordan
73%
AsiaCambodia
72%
EuropeCzech Republic
72%
North AmericaEl Salvador
72%
AsiaLaos
72%
AsiaMalaysia
72%
Asiathe Philippines
72%
AfricaTanzania
70%
AfricaEthiopia
68%
AfricaGhana
68%
North AmericaTrinidad and Tobago
65%
AsiaMyanmar
62%
AfricaSenegal
55%
AsiaPalestine
26%

Score Distribution

Percentile by Number Answered

Percent of People with Each Score

Your Score History

You have not taken this quiz